000 01255nam a2200325 a 4500
001 000017830
003 OSt
005 20260321073640.0
008 100406s2004 dr c 000 0 spa d
020 _a9993442275
040 _aDO-SdBNP
_bspa
_cBNPHU
049 _aBNPD
082 _a928.61
_bV635j
100 1 _aVicioso, Sherezada,
_d1948-
_919504
245 1 0 _aJulia de Burgos, la nuestra /
_cSherezada Vicioso , edición al cuidado de Andrés Blanco Díaz ; presentación Carlos Esteban Deive.
260 _aSanto Domingo :
_bBúho,
_c2004.
300 _a100 p. :
_bretrs. ;
_c22 cm.
490 1 _aEdiciones Ferilibro ;
_vv. 60
500 _aIncluye datos biográficos de la autora en las solapas.
600 1 4 _aBurgos, Julia de,
_d1914-1953
_914090
600 1 4 _aBurgos, Julia de,
_d1914-1953
_xCrítica e interpretación
_98825
600 1 0 _a Bosch, Juan,
_d1909-2001
_vEntrevistas
_976555
600 1 0 _aJimenes Grullón, Juan Isidro,
_d1903-1983
_92482
650 4 _aPoetas puertorriqueños
_ySiglo XX
_938732
_vBiografías
650 4 _aLiteratura puertorriqueña
_9250
700 1 _aBlanco Díaz, Andrés
_eed.
_9172
700 1 _aDeive, Carlos Esteban,
_d1935-2019
_91916
830 0 _aEdiciones Ferilibro ;
_nno. 60
_938733
942 _2ddc
_cLBS1
999 _c17354
_d17354